00896nam a2200217 a 450000100100000000500170001000800410002704000250006808200140009310000260010724500480013326000840018130000270026549000320029249000620032483000400038683000670042604900090049395201590050299900170066100003222120200930063531.0110713s1941 dr a 000 0 spa d aDO-SdBNPbspacBNPHU axxxbM8961 aMoscoso, R. M.92396814aLas cactaceas de la flora de Santo Domingo. aCiudad Trujillo, República Dominicana :bUniversidad de Santo Domingo,c1941. a35 p. :bil. ;c24 cm.1 aInstituto botánico ;vv.11 aPublicaciones de la Universidad de Santo Domingo ;vv. 13 0aInstituto botánico ;vv. 1958296 0aPublicaciones de la Universidad de Santo Domingo ;vv. 139818 aBNPD 001050718RVaPDbPDcCTd2011-07-13iLF1l0oxxx M896p32221-10r2020-06-25w2020-06-25y1zPerteneció a la colección Martínez BoogZNo se presta c31712d31712